000 00688nam a22002417a 4500
003 UA-OsUOA
001 65299
007 ta
008 20091119b un ||||| |||| 00| 0 ukr d
100 _aЛопата В. І.
090 _a821.161.2
_bЛ77
942 _cBK
040 _aUA-OsUOA
_bukr
_cUA-OsUOA
_dUA-OsUOA
245 _aДорогу свою покажи мені, Господи
_bавтобіографічна повість
300 _a256 с.
955 _a3
041 _aukr
080 _a821.161.2
020 _a966-96099-8-4
260 _aК.
_bАнна-Т
_c2005
650 7 _a82 Література. Літературознавство
_2UDC
999 _c351422
_d351422